000 00638nam a2200241Ia 4500
003 OSt
005 20221007101038.0
006 a|||||r|||| 00| 0
007 ta
008 221006b |||||||| |||| 00| 0 eng d
024 _a5,720
037 _cMonograhic Series
040 _aLCO
_cLCO
_beng
041 _2eng
_aeng
082 _aZ3,7,524, K7
100 _aWELLMAN F L
_9702522
245 0 _aArt of Cross Examination
260 _aNew
_bYork Collier Book
_c1967
300 _a476
650 _aCROSS EXAMINATION
_9701679
942 _hZ3,7,524, K7
_cREF
999 _c1175283
_d1175283